La libertad como gracia en Gabriel Marcel (Record no. 615175)
[ view plain ]
| 000 -CABECERA | |
|---|---|
| Campo de control de longitud fija | 00448nab a2200145Ia 4500 |
| 003 - IDENTIFICADOR DEL NÚMERO DE CONTROL | |
| Campo de control | ES-SlBCS |
| 005 - FECHA Y HORA DE LA ÚLTIMA TRANSACCIÓN | |
| Campo de control | 20211013145622.0 |
| 008 - CÓDIGOS DE INFORMACIÓN DE LONGITUD FIJA | |
| Campo de control de longitud fija | 140529s1990 xxu||||| |||| 00| 0 spa d |
| 041 ## - CÓDIGO DE LENGUA | |
| Código de lengua del texto/banda sonora o título independiente | spa |
| 100 1# - PUNTO DE ACCESO PRINCIPAL-NOMBRE DE PERSONA | |
| Nombre de persona | Biord Castillo, Raúl |
| 9 (RLIN) | 70054 |
| 245 00 - MENCIÓN DE TÍTULO | |
| Título | La libertad como gracia en Gabriel Marcel |
| Mención de responsabilidad, etc. | Raúl Biord Castillo |
| 600 14 - PUNTO DE ACCESO ADICIONAL DE MATERIA-NOMBRE DE PERSONA | |
| Nombre personal | Marcel, Gabriel |
| Fechas asociadas con el nombre | , 1889-1973 |
| 9 (RLIN) | 100659 |
| 773 0# - ENLACE AL DOCUMENTO FUENTE | |
| Título | Anthropos |
| Parte(s) relacionada(s) | vol. 11, nº. 20, 1990, págs. 5-40 |
| Número de control del registro relacionado | Rev38 |
| 942 ## - ENTRADA DE ELEMENTOS AGREGADOS (KOHA) | |
| Koha [por defecto] tipo de item | Artículos de revista |
| Suprimido | Perdido | Estropeado | No para préstamo | Localización permanente | Localización actual | Localización en estantería | Fecha adquisición | Préstamos totales | Fecha última consulta | Fecha del precio de reemplazo | Tipo de item de Koha |
|---|---|---|---|---|---|---|---|---|---|---|---|
| San Esteban | San Esteban | Depósito de revistas | 11/07/2014 | 11/07/2014 | 11/07/2014 | Artículos de revista |
